00428nam a22001457a 450000500170000000800410001702200130005804100230007108200140009410000230010824500400013126000530017130000320022465000260025620240905101341.0240905b |||||||| |||| 00| 0 eng d a00382396 aEnglish/Afrikaans  a349 SOU  lEnglish/Afrikaans  aThe South African Law Reports 2024  aCape Town: bJuta and Company (Pty) Ltd, c2024  bxxxvi, 663 pages; c25 cm.  aLegal practice bLaw